000 01320cam a2200325 a 4500
999 _c8774
_d8774
001 8774)
003 BD-JhCC
005 20200901134007.0
008 100105s2009 enka 000 0 eng
035 _a(BD-JhCC)8774)
040 _aDLC
_cDLC
_dBD-JhCC
041 _aeng
050 0 0 _aPE1128
_b.C3283 2009
082 _bCAM 2009
_a428.24076
245 0 0 _aCambridge IELTS :
_bexamination papers from University of Cambridge ESOL Examinations : English for speakers of other languages /
246 3 0 _aIELTS 7
246 1 8 _aIELTS examination papers with answers
260 _aCambridge : New York :
_bCambridge University Press,
_cc2009.
300 _a176 p. :
_bill. ;
_c25 cm.
490 0 _aCambridge books for Cambridge exams
500 _a"Official examination papers from University of Cambridge ESOL examinations"--Cover.
500 _aSpine title: IELTS examination papers with answers.
500 _aCover title: Official examination papers from University of Cambridge ESOL examinations :IELTS 7.
650 0 _aInternational English Language Testing System.
650 0 _aEnglish language
_vTextbooks for foreign speakers.
650 0 _aEnglish language
_vExaminations, questions, etc.
710 2 _aUniversity of Cambridge.
_bLocal Examinations Syndicate.
942 _2ddc
_cBK
_03